000
00260nam a22001217a 4500
008
181220b xxu||||| |||| 00| 0 eng d
041
_a
eng
080
_2
3rd
_a
573
100
_a
11
101
_a
BIO
245
_a
Vertebrate Biology
_c
Orr,R.T
942
_2
udc
_c
BK
999
_c
53553
_d
53553